Stay hungry stay foolish: advice for the rest of your life-classic graduation speeches.. (Record no. 12808)

MARC details
000 -LEADER
fixed length control field 00463nam a2200169 4500
003 - CONTROL NUMBER IDENTIFIER
control field OSt
008 - FIXED-LENGTH DATA ELEMENTS--GENERAL INFORMATION
fixed length control field 240726b |||||||| |||| 00| 0 eng d
020 ## - INTERNATIONAL STANDARD BOOK NUMBER
International Standard Book Number 9780753553503
082 ## - DEWEY DECIMAL CLASSIFICATION NUMBER
Classification number 815.08
Item number STS
100 ## - MAIN ENTRY--PERSONAL NAME
Personal name ALLEN, W.H
245 ## - TITLE STATEMENT
Title Stay hungry stay foolish: advice for the rest of your life-classic graduation speeches..
260 ## - PUBLICATION, DISTRIBUTION, ETC. (IMPRINT)
Place of publication, distribution, etc London:
Name of publisher, distributor, etc WH Allen,
Date of publication, distribution, etc 2019.
300 ## - PHYSICAL DESCRIPTION
Extent 218p.
650 ## - SUBJECT ADDED ENTRY--TOPICAL TERM
Topical term or geographic name as entry element English Literature
650 ## - SUBJECT ADDED ENTRY--TOPICAL TERM
Topical term or geographic name as entry element Fiction
942 ## - ADDED ENTRY ELEMENTS (KOHA)
Source of classification or shelving scheme Dewey Decimal Classification
Koha item type Text Books
Holdings
Withdrawn status Lost status Source of classification or shelving scheme Damaged status Not for loan Collection code Home library Current library Date acquired Source of acquisition Currency Cost, normal purchase price Bill Number Total Checkouts Full call number Acc. no. / Barcode Checked out Date last seen Date last borrowed Actual Cost, discounted price Bill Date Koha item type
    Dewey Decimal Classification     GENERAL PIET C-LIBRARY PIET C-LIBRARY 26/07/2024 Zafaa Books and Distributors In rupees 599.00 ZBD0089 1 815.08 STS 38382 17/02/2025 30/07/2024 30/07/2024 389.35 04/07/2024 Text Books

Design & Developed by: PIET Central Library
R70 Miles Stone Pattikalyana Samalkha Panipat 132102
mail ID :- [email protected], Phone No:- 0180-2569700 Ex.216